000 01186nam a22003377a 4500
003 CHAP
005 20220329143239.0
008 070820d1989 mx - 00110 spa d
010 _a93902
011 _a94874
020 _a9688406988
035 _a105473
040 _cCHAP
082 0 4 _a621.384
_bP4
100 0 0 _aPeppino Barale, Ana María.
_986947
245 1 0 _aLas ondas dormidas :
_bcrónica hidalguense de una pasión radiofónica
_c/por Ana María Peppino Barale
260 _aMéxico, D. F. :
_bUniversidad Autónoma Metropolitana Unidad Azcapotzalco. División de Ciencias Sociales y Humanidades,
_c1989
300 _a397 p. :
_bilus.; cuadros diagramas.
590 _aBATCH-UPD
_b10
_c20130110
_lUCH01
_h0548
590 _aBATCH-UPD
_b10
_c20130110
_lUCH01
_h2332
590 _aBATCH-UPD
_b10
_c20130410
_lUCH01
_h1621
590 _aBATCH-UPD
_b10
_c20130914
_lUCH01
_h1613
590 _aCONVERSION
_b10
_c20130109
_lUCH01
_h1352
650 1 4 _aHidalgo
_xHistoria.
_955176
650 1 4 _aRadio.
_993686
901 _aBK
905 _aElisama A. H.
911 _aproceso
942 _cLIBRO
949 _a621.284 P4
_bBC
_cLIBRO
_d33724002035298
_eLIBRO
_h108739
_i105473
_kDonaciØn
_st
999 _c93902
_d93902